Principles Of Economics (Record no. 4763)

MARC details
005 - DATE AND TIME OF LATEST TRANSACTION
control field 20250624081303.0
020 ## - INTERNATIONAL STANDARD BOOK NUMBER
International Standard Book Number 978-81-259-1651-2
082 ## - DEWEY DECIMAL CLASSIFICATION NUMBER
Classification number 330DWI
100 ## - MAIN ENTRY--PERSONAL NAME
Author name DWIVEDI.N.D.
245 ## - TITLE STATEMENT
Title Principles Of Economics
250 ## - EDITION STATEMENT
Edition statement 2nd Ed
260 ## - PUBLICATION, DISTRIBUTION, ETC.
Place of publication, distribution, etc. New Delhi,
Name of publisher, distributor, etc. Vicas Publishing House Pvt LMT,
Date of publication, distribution, etc. 2016.
300 ## - PHYSICAL DESCRIPTION
Extent 617p; ill, table, figure
Other physical details Index, Reference
Dimensions 24cm
942 ## - ADDED ENTRY ELEMENTS (KOHA)
Source of classification or shelving scheme Dewey Decimal Classification
Koha item type Books
Holdings
Date last seen Total checkouts Full call number Barcode Cost, replacement price Price effective from Koha item type Lost status Source of classification or shelving scheme Damaged status Not for loan Withdrawn status Home library Current library Shelving location Date acquired Cost, normal purchase price
06/24/2025   330 DWI DOM0003604 99000.00 06/24/2025 Books   Dewey Decimal Classification       CBE Dodoma CBE Dodoma Special Reserve Collection 06/24/2020 33000.00